000 00375nam a2200157Ia 4500
008 231221s9999 xx 000 0 und d
041 _aEnglish
082 _a339 FAR;1 'R'
100 _aFarmer, Roger E A
245 0 _aMacroeconomics
250 _a2nd ed.
260 _c2002
_bSouth-Western College
300 _axxiv+456
650 _aMacroeconomics
942 _cCD
999 _c202436
_d202436